000 00698nam a2200289Ia 4500
005 20260324132843.0
008 008 260324s9999 xx 000 0 eng d
020 _a9780203505199
037 _aEBOOK
040 _aCRL
040 _beng
040 _cCRL
041 _2eng
041 _aeng
084 _qCRL
100 _aTheodore M. Vial
_91190871
245 0 _aLiturgy Wars
245 0 _bRitual Theory and Protestant Reform in Nineteenth-Century Zurich
260 _bTaylor and Francis
260 _c2004
365 _a
365 _b230
856 _uhttp://www.taylorfrancis.com/books/9780203505199
942 _cEBOOK
999 _c1789346
_d1789346